00000000nam 2200000zi 4500
0019.938495
003CaOODSP
00520250123153404
006m     o  d f      
007cr |n|||||||||
008240522e19770529oncd    ob   f000 0|eng d
040 |aCaOODSP|beng|erda|cCaOODSP
0861 |aId46-35/1977E-PDF
24500|aClothing inquiry : |ba report to the Minister of Industry, Trade and Commerce.
264 1|a[Ottawa] : |bTextile and Clothing Board = Commission du textile et du vêtement, |cMay 29, 1977.
300 |a1 online resource (1 volume (various pagings)) : |bgraph
336 |atext|btxt|2rdacontent
337 |acomputer|bc|2rdamedia
338 |aonline resource|bcr|2rdacarrier
500 |aDigitized edition from print [produced by Innovation, Science and Economic Development Canada].
500 |aIssued also in French under title: Enquête sur les vêtements : un rapport au Ministre de l'Industrie et du Commerce.
504 |aIncludes bibliographical references.
650 0|aClothing trade|zCanada.
650 0|aTextile industry|zCanada.
7101 |aCanada. |bTextile and Clothing Board, |eissuing body.
77508|tEnquête sur les vêtements : |w(CaOODSP)9.947328
85640|qPDF|s2.79 MB|uhttps://publications.gc.ca/collections/collection_2025/isde-ised/Id46-35-1977-eng.pdf